| 000 | 00402cam a2200169ua 4500 | ||
|---|---|---|---|
| 041 |
_aeng _h |
||
| 082 |
_a828.09 _bALL/MA |
||
| 100 | _aAllott, Kenneth . | ||
| 245 |
_aMathew Arnold / _cKenneth Allott. _hTextual Documents |
||
| 250 |
_a1 / _b. |
||
| 260 |
_aLondon : _bLongman Green and Co , _c1962. |
||
| 300 | _a44. | ||
| 504 | _a | ||
| 942 | _cBK | ||
| 999 |
_c6710 _d6710 |
||